Políčka trochu inak pestovanie viacročných miešaniek na políčkach pre zver ...

Bibliographic Details
Main Authors: Hell, Pavel, 1930-2009 (Author), Slamečka, Jaroslav (Author), Gašparík, Jozef, 1952- (Author)
Format: Article
Language:Slovak
ISSN:0231-8768
Subjects:

MARC

LEADER 00000nab a2200000 a 4500
001 vtls000722329
003 SK-MaSNL
005 20260304103837.0
008 250429c2000 xo 0 slo
015 |a SNBRB2000/05-14192 
035 |a CLN000074496 
035 |a urn:nbn:sk:snk-abeqqd 
035 |a (urnnbn)urn:nbn:sk:snk:ar-0070cb 
035 |a (uuid)64aa36b3-0e49-4c80-a818-ef9a6c3c8082 
040 |a SNKBUCL  |b slo  |c SNKBUCL  |e AACR2 
041 0 |a slo 
044 |a xo  |c SK 
080 |a 639.1.05:633.2/.3  |2 1997 
080 |a 633.2/.3  |2 1997 
080 |a 631.544.7  |2 1997 
080 |a 631.58  |2 1997 
100 1 |a Hell, Pavel,  |d 1930-2009  |4 aut  |9 125123 
245 1 0 |a Políčka trochu inak  |b pestovanie viacročných miešaniek na políčkach pre zver ...  |c Pavel Hell, Jaroslav Slamečka, Jozef Gašparík 
650 0 7 |a poľovné revíry  |2 snkbucl  |9 70281 
650 0 7 |a políčka pre zver  |2 snkbucl  |9 1402909 
650 0 7 |a miešanky viacročné  |2 snkbucl  |9 1402910 
650 0 7 |a mulčovanie  |2 snkbucl  |9 323598 
655 7 |a články z novín a časopisov  |2 snkbucl  |9 267496 
700 1 |a Slamečka, Jaroslav  |4 aut  |9 8823 
700 1 |a Gašparík, Jozef,  |d 1952-  |4 aut  |9 215663 
773 0 |t Poľovníctvo a rybárstvo  |g Roč. 52, č. 2 (2000), s. 11 a 16  |x 0231-8768 
850 |a Slovenská národná knižnica 
852 |a Slovenská národná knižnica 
954 |a odborná, vedecká literatúra pôvodná (slovenská)  |2 lita 
958 |a article27 
958 |a OND 
958 |a EUIPO 
992 |a RBX 
999 |c 2849970  |d 2851900